| 000 | 00467 a2200169 4500 | ||
|---|---|---|---|
| 003 | Nust | ||
| 005 | 20260116115113.0 | ||
| 040 | _cNust | ||
| 082 | _a297.1225,DEH | ||
| 100 |
_aNazami, Hazrat Khwaja Hasan Nizami _9132762 |
||
| 245 |
_aAam Fahem Tafseer / _cHazrat Khwaja Hasan Nizami |
||
| 250 | _aVol : 1 ,2 ( Jild :1-2 ) | ||
| 260 |
_aLahore _bDafter Darwesh |
||
| 300 | _a1025:P | ||
| 650 |
_aTafseer - Quran Majeed _9104442 |
||
| 942 |
_2ddc _cBK _k297.1225,DEH |
||
| 999 |
_c182953 _d182953 |
||